[Event "Titled Tuesday intern op 04th Feb Late"]
[Site "Chess.com INT"]
[Date "2025.02.04"]
[Round "6"]
[White "Nguyen, Duc Dung"]
[Black "Dias, Simao Poscidonio"]
[Result "1-0"]
[WhiteElo "2313"]
[BlackElo "2105"]
[PlyCount "97"]
[EventDate "2025.02.04"]
[EventType "swiss (blitz)"]
[EventRounds "11"]
[EventCountry "USA"]
[SourceTitle "CB07_2025"]
[SourceDate "2025.02.12"]
[SourceVersion "1"]
[SourceVersionDate "2025.02.12"]
[SourceQuality "1"]

1. d4 Nf6 2. c4 e6 3. Nf3 Bb4+ 4. Bd2 Be7 5. g3 0-0 6. Bg2 b6 7. 0-0 Bb7 8. Qc2 c5 9. Nc3 cxd4 10. Nxd4 Bxg2 11. Kxg2 Nc6 12. Nxc6 dxc6 13. Rad1 Qc7 14. Ne4 Rfd8 15. Bf4 Qb7 16. Kg1 c5 17. Nc3 Nh5 18. Bc1 Nf6 19. b3 h6 20. Bb2 a6 21. Rxd8+ Rxd8 22. Rd1 Qc7 23. Rd3 Rxd3 24. Qxd3 Qd6 25. Qxd6 Bxd6 26. f4 Bc7 27. h3 Kf8 28. Kg2 Ke7 29. Kf3 g6 30. Ne4 Nxe4 31. Kxe4 f5+ 32. Kf3 b5 33. g4 Kf7 34. Bc3 h5 35. e4 hxg4+ 36. hxg4 Ke7 37. e5 Kf7 38. Be1 Bd8 39. Bf2 Be7 40. gxf5 gxf5 41. cxb5 axb5 42. a4 bxa4 43. bxa4 Ke8 44. Ke3 Kd7 45. Kd3 Kc6 46. Kc4 Bf8 47. a5 Be7 48. a6 Kb6 49. Bxc5+ 1-0